Sports Quiz

Random Sports Quiz

Sports Action Quiz Stats

 Plays Quiz not verified by Sporcle

Also try: Baseball Blitz
Challenge
Share
Tweet
Embed
Score 0/8 Timer 03:00
0 Plays Today
Action 1 Sport % Correct
Kickfootball
96%
servetennis
92%
bowlcricket
76%
bowlbaseball
72%
crouchrugby
52%
on your marks, setrunning
48%
run-upjavelin
36%
spin/ side stepshot
32%

You're not logged in!

Compare scores with friends on all Sporcle quizzes.
OR
Log In

You Might Also Like...

Show Comments

Extras

Created Sep 25, 2011ReportNominate
Tags:run, Sports Champions

Top Quizzes Today


Score Distribution

Your Account Isn't Verified!

In order to create a playlist on Sporcle, you need to verify the email address you used during registration. Go to your Sporcle Settings to finish the process.

Report this User

Report this user for behavior that violates our Community Guidelines.

Details: